000 00826nam a2200277Ia 4500
003 OSt
005 20221005084630.0
006 a|||||r|||| 00| 0
007 ta
008 221004b |||||||| |||| 00| 0 eng d
024 _a42680
037 _cTextual
040 _aCRL
_cCRL
_beng
041 _2eng
_aeng
082 _aO111,1K08,CS, K1
100 _aBroadbent J. B.
110 _aGift from Prof Amitava Banerjee, London
245 0 _aMilton
_b Comus and Samson Agonistes
260 _aNew York
_bBarron's Educational Series USA
_c1961
300 _a63p.
_ccm.
490 _aBarron's Studies in English Literature
650 _aENGLISH LITERATURE
700 _aGift from Prof Amitava Banerjee, London
942 _hO111,1K08,CS, K1
_cTEXL
_2cc
999 _c992898
_d992898